| 000 | 00821nam a22001815i 4500 | ||
|---|---|---|---|
| 001 | 158093 | ||
| 003 | ES-MaACL | ||
| 005 | 20230906211015.0 | ||
| 008 | 990303s1837 fr |||| | fre d | ||
| 040 |
_aCCPB | B _bspa _cCCPB | B |
||
| 100 | 1 |
_aLorain, Paul ( _d1799-1861) _974061 |
|
| 245 | 1 | 0 |
_aTableau de l'instruction primaire en France _b: d'après des documents authentiques, et notamment d'après les rapports adressés au Ministre del'Instruction Publique par les 490 inspecteurs chargés de visiter toutes les écoles de France, a la fin de 1833 / _cpar P. Lorain. |
| 260 |
_aParis : _bchez L. Hachette, _c1837 ( _fImprimerie de J. Gratiot) |
||
| 300 |
_a[4] h., IV, 404, [2] p. ; _c22 cm. |
||
| 597 | _aAntep. | ||
| 650 | 4 |
_aEnseñanza primaria- _zFrancia. _9149749 |
|
| 852 |
_aES-MaACL _jC-3802 _z-- Enc. hol. |
||
| 999 |
_c158093 _d158093 |
||